Comportamiento electoral en el municipio de Taminango (Registro nro. 26366)

Detalles MARC
000 -CABECERA
campo de control de longitud fija 00985nam a2200289Ia 4500
001 - NÚMERO DE CONTROL
campo de control 26366
003 - IDENTIFICADOR DEL NÚMERO DE CONTROL
campo de control 89246
005 - FECHA Y HORA DE LA ÚLTIMA TRANSACCIÓN
campo de control 20250212062607.0
008 - DATOS DE LONGITUD FIJA--INFORMACIÓN GENERAL
campo de control de longitud fija ||||||n9999 ||| || ||
041 ## - CÓDIGO DE LENGUA
Código de lengua del texto/banda sonora o título independiente spa
100 ## - ENTRADA PRINCIPAL--NOMBRE DE PERSONA
Nombre de persona Cuervo Martinez, Herminsul
9 (RLIN) 35754
245 #0 - MENCIÓN DE TÍTULO
Título Comportamiento electoral en el municipio de Taminango
260 ## - PUBLICACIÓN, DISTRIBUCIÓN, ETC.
Lugar de publicación, distribución, etc. Bogotá :
Nombre del editor, distribuidor, etc. Escuela Superior de Administración Pública - ESAP,
Fecha de publicación, distribución, etc. 1989.
300 ## - DESCRIPCIÓN FÍSICA
Extensión 45p
500 ## - NOTA GENERAL
Nota general TESIS
562 ## - NOTA DE IDENTIFICACIÓN DE LA COPIA Y VERSIÓN
Número de copias 1
650 #0 - PUNTO DE ACCESO ADICIONAL DE MATERIA--TÉRMINO DE MATERIA
Término de materia o nombre geográfico como elemento de entrada Alcaldes
9 (RLIN) 4859
650 ## - PUNTO DE ACCESO ADICIONAL DE MATERIA--TÉRMINO DE MATERIA
Término de materia o nombre geográfico como elemento de entrada ANÁLISIS ESTADÍSTICO
9 (RLIN) 35755
650 #0 - PUNTO DE ACCESO ADICIONAL DE MATERIA--TÉRMINO DE MATERIA
Término de materia o nombre geográfico como elemento de entrada Concejos municipales
9 (RLIN) 12688
650 ## - PUNTO DE ACCESO ADICIONAL DE MATERIA--TÉRMINO DE MATERIA
Término de materia o nombre geográfico como elemento de entrada ELECCIÓN POPULAR DIRECTA
9 (RLIN) 4873
650 ## - PUNTO DE ACCESO ADICIONAL DE MATERIA--TÉRMINO DE MATERIA
Término de materia o nombre geográfico como elemento de entrada ESCUELA SUPERIOR DE ADMINISTRACIÓN PÚBLICA (NARIÑO – ALTO PUTUMAYO)--TESIS Y DISERTACIONES ACADÉMICAS
9 (RLIN) 35650
650 #0 - PUNTO DE ACCESO ADICIONAL DE MATERIA--TÉRMINO DE MATERIA
Término de materia o nombre geográfico como elemento de entrada Participación política
9 (RLIN) 3695
650 ## - PUNTO DE ACCESO ADICIONAL DE MATERIA--TÉRMINO DE MATERIA
Término de materia o nombre geográfico como elemento de entrada PROCESO ELECTORAL
9 (RLIN) 4761
650 ## - PUNTO DE ACCESO ADICIONAL DE MATERIA--TÉRMINO DE MATERIA
Término de materia o nombre geográfico como elemento de entrada TAMINANGO, NARINO (COLOMBIA)
9 (RLIN) 33349
650 ## - PUNTO DE ACCESO ADICIONAL DE MATERIA--TÉRMINO DE MATERIA
Término de materia o nombre geográfico como elemento de entrada TECNOLOGÍA EN ADMINISTRACIÓN MUNICIPAL
9 (RLIN) 32811
942 ## - ELEMENTOS DE PUNTO DE ACCESO ADICIONAL (KOHA)
Tipo de ítem Koha Tesis
Existencias
Estado de retiro Estado de pérdida Estado dañado No para préstamo Código de colección Localización permanente Ubicación/localización actual Fecha de adquisición Coste, precio normal de compra Total de préstamos Signatura topográfica completa Código de barras Fecha visto por última vez Fecha del último préstamo Número de copia Tipo de ítem Koha
        Trabajos de Grado Pasto - Sede Nariño-Putumayo Pasto - Sede Nariño-Putumayo 10/03/2025 0.00 1 NAR024 1989 NAR5077 10/03/2025 10/03/2025 1 Tesis